| 000 | 00821am a2200301a 44500 | ||
|---|---|---|---|
| 003 | AR-BaBNM | ||
| 005 | 20251128203658.0 | ||
| 008 | 137019s1974 #AR|||||||||||000 | spa|| | ||
| 040 | _cAR-BaBNM | ||
| 100 | 1 | _aSilvius, G. Harold | |
| 245 | 1 | 0 | _aOrganización y didáctica de la escuela industrial |
| 250 | _a1ª ed. | ||
| 260 |
_aBuenos Aires _bTroquel _c1974 |
||
| 300 |
_a460 p. _bil. |
||
| 500 | _aApéndice p. 423-455 | ||
| 650 | 4 | _aPLAN DE ESTUDIOS | |
| 650 | 4 | _aENSEÑANZA INDUSTRIAL | |
| 650 | 4 | _aORGANIZACION ESCOLAR | |
| 650 | 4 | _aDIDACTICA | |
| 650 | 4 | _aPLANIFICACION DEL PROGRAMA | |
| 650 | 4 | _aCURRICULO | |
| 650 | 4 | _aMETODOS DE ENSEÑANZA | |
| 650 | 4 | _aEVALUACION DEL CURRICULO | |
| 700 | 1 | _aBohn, Ralph C. | |
| 700 | 1 |
_aMolina Vedia, Enrique _etraductor |
|
| 942 | _cBK | ||
| 998 | _cCarmen | ||
| 999 |
_c4453 _d4453 |
||